My big idea : 30 successful entrepreneurs reveal how they found inspiration

Bibliographic Details
Main Author: Bridge, Rachel
Format: Book
Published: London : Kogan Page , 2006
Series:The Sunday Times
Subjects:

MARC

LEADER 00000cam a2200000 7i4500
001 0000028154
005 20091113.0
008 091113
020 |a 0749446269 
090 0 0 |a 338.04092241   |b BRI 
100 1 |a Bridge, Rachel 
245 1 0 |a My big idea :   |b 30 successful entrepreneurs reveal how they found inspiration   |c Rachel Bridge 
260 |a London :   |b Kogan Page ,   |c 2006 
440 |a The Sunday Times 
650 0 |a Businesspeople   |z Great Britain   |x Biography 
650 0 |a Directors of corporations   |x Biography 
650 0 |a Entrepreneurship   |z Great Britain   |x Case studies 
650 0 |a Executives   |z Great Britain   |x Biography 
999 |a 0001060198   |b Book   |c REFERENCE   |e Perbadanan Perpustakaan Awam Johor